Statystyki dla Kariera trenerska Juppa Heynckesa.

Kliknij tutaj aby rozwiązać quiz!

Ogólne statystyki

  • Ten quiz został rozwiązany 39 razy
  • Średni wynik to 5 z 13

Statystyki odpowiedzi

LataDrużyna% Poprawnych
1987-1991Bayern Monachium
97%
2011-2013Bayern Monachium
97%
2017-2018Bayern Monachium
97%
1997-1998Real Madryt
69%
2009-2011Bayer Leverkusen
41%
2003-2004Schalke
38%
1979-1987Borussia Monchengladbach
31%
2006-2007Borussia Monchengladbach
31%
1994-1995Eintracht Frankfurt
14%
1992-1994Athletic Bilbao
10%
2001-2003Athletic Bilbao
10%
1999-2000Benfica
3%
1995-1997Tenerife
0%

Rozkład punktacji

Percentyl według liczby udzielonych odpowiedzi

Procent ludzi z każdym wynikiem

Twoja historia wyników

Nie rozwiązałeś tego quizu